000 01168cam a22002778a 4500
005 20090827101948.0
008 070619s2008 njuab b 001 0 eng
010 _aENG-95407
020 _a9788120338913
_c495.00
035 _aEN-78940
037 _bDBAD/PUB
040 _aDPL
082 _a301
_222
100 _aScupin, Raymond.
245 _aAnthropology :
_ba global perspective /
_cRaymond Scupin, Christopher R. DeCorse.
250 _a6th ed.
260 _aNew Delhi
_bPHI Learning P. LTD.
_c2009
300 _axxv, 741 p. :
_bill. (some col.), maps (some col.) ;
_c26 cm.(Pbk)
504 _aIncludes bibliographical references (p. 693-720) and index.
650 _aAnthropology.
700 _aDeCorse, Christopher R.
856 _3Table of contents only
_uhttp://www.loc.gov/catdir/toc/ecip0721/2007025342.html
942 _2ddc
_cEN
_mSCU
999 _c31665
_d31665